Italy and East Central Europe : dimensions of the regional relationship /

Bibliographic Details
Other Authors: Mastny, Vojtech, 1936-
Format: Book
Language:English
Published: Boulder, CO : Westview Press, 1995.
Subjects:

MARC

Tag First Indicator Second Indicator Subfields
LEADER 00000cam a22000008a 4500
001 in00001237286
005 20151003062400.0
008 941101s1995 cou b 001 0 eng
010 |a  94024013  
020 |a 0813388856 (alk. paper) 
035 |a (OCoLC)31610480 
035 |9 AGS7587AM 
040 |a DLC  |c DLC  |d IAY  |d TXA  |d UtOrBLW 
043 |a ee-----  |a ec-----  |a e-it--- 
049 |a TXAM 
050 0 0 |a DAW1045.I8  |b M37 1995 
050 1 4 |a DAW1045.I8  |b I83 1995 
082 0 0 |a 327.45043  |2 20 
245 0 0 |a Italy and East Central Europe :  |b dimensions of the regional relationship /  |c edited by Vojtech Mastny. 
263 |a 9502 
264 1 |a Boulder, CO :  |b Westview Press,  |c 1995. 
300 |a xii, 131 pages ;  |c 23 cm. 
336 |a text  |b txt  |2 rdacontent 
337 |a unmediated  |b n  |2 rdamedia 
338 |a volume  |b nc  |2 rdacarrier 
500 |a "Published in cooperation with The Bologna Center of The Johns Hopkins University, Paul H. Nitze School of Advanced International Studies." 
504 |a Includes bibliographical references and index. 
651 0 |a Europe, Central  |x Relations  |z Italy. 
651 0 |a Italy  |x Relations  |z Europe, Central. 
651 0 |a Europe, Eastern  |x Ethnic relations. 
650 0 |a European cooperation. 
700 1 |a Mastny, Vojtech,  |d 1936- 
999 |a MARS 
999 f f |s 55dc428d-b9ae-3018-9496-f23c9fc515b1  |i 524395d8-7f56-30a3-b347-99b47d121e35  |t 0 
952 f f |p ric  |a Texas A&M University  |b Rellis Campus  |c Joint Library Facility  |d Remote Storage  |t 0  |e DAW1045.I8 I83 1995  |h Library of Congress classification  |i unmediated -- volume  |m A14819108634 
998 f f |a DAW1045.I8 I83 1995  |t 0  |l Remote Storage